| 000 | 00421nam a2200145Ia 4500 | ||
|---|---|---|---|
| 008 | 230917s9999||||xx |||||||||||||| ||und|| | ||
| 040 |
_e187409 _aMAIN |
||
| 041 | _aEnglish | ||
| 082 | _a005.5 I2S | ||
| 100 | _aIndira Gandhi National Open University | ||
| 245 | 0 | _aSoftwares for visually impaired (MVEI-013). 4V. | |
| 260 |
_aNew Delhi _bIndira Gandhi National Open University _c2010 |
||
| 300 | _av. p. | ||
| 942 | _cBK | ||
| 999 |
_c161699 _d161699 |
||